| 000 | 00347ntaaa2200133 4500 | ||
|---|---|---|---|
| 003 | 01 | ||
| 005 | 20251027203212.0 | ||
| 008 | 0714s1973 ag 01 | ||
| 040 |
_aAR-BaBN _bspa _cAR-BaBN _eaacr _dRIC |
||
| 082 | _a253.5 Sa59d | ||
| 100 |
_aSantos, Hugo _933848 |
||
| 245 |
_aDimensiones del cuidado y asesoramiento pastoral / _cHugo Santos |
||
| 942 | _cBK | ||
| 999 |
_c27464 _d27464 |
||